| 000 | 00496nam a2200193Ia 4500 | ||
|---|---|---|---|
| 005 | 20140403135622.0 | ||
| 008 | 140130s9999 xx 000 0 und d | ||
| 020 | _a9780545070843 | ||
| 050 |
_aPZ 7 _b.H662Do 2008 |
||
| 100 |
_aHindley, Judy. _921739 |
||
| 245 |
_cJudy Hindley. _aDo like a duck does! / |
||
| 260 |
_bScholastic Inc, _c2008. _aUSA : |
||
| 300 |
_a32 p. : _bill. col. ; _c18 cm. |
||
| 440 |
_v1 _930997 |
||
| 521 | _aBR | ||
| 526 | _cBR | ||
| 942 |
_cBK _2lcc |
||
| 999 |
_c41478 _d41478 |
||